000 00657nam a22002297a 4500
001 883
003 UA-OsUOA
005 20211017223643.0
007 ta
008 20050708b un ||||| |||| 00| 0 ukr d
040 _aUA-OsUOA
_brus
_cUA-OsUOA
_dUA-OsUOA
041 _arus
080 _a82.09(470+571)
090 _a82.09(470+571)
_bС32
100 _aСерман И. З.
245 _aПоэтический стиль Ломоносова
260 _aРівне
_bНаука
_c1966
300 _a255 с.
650 7 _a82.09 Літературна критика. Літературні дослідження
_2UDC
942 _cBK
_2udc
955 _a1
999 _c287040
_d287040